| 000 | 02179cam a22005054i 4500 | ||
|---|---|---|---|
| 003 | PE-LiUPU | ||
| 005 | 20250731165514.0 | ||
| 008 | 150623s r 000 0 d | ||
| 020 | _a1841272604 | ||
| 035 | _a(Sirsi) i9781841272603 | ||
| 040 |
_aPE-LiUPU _bspa _cPE-LiUPU _erda |
||
| 049 | _aPRUA | ||
| 082 | 0 | 4 |
_a225.077 _bJ _221 |
| 100 | 1 |
_aDanove, Paul L., _eautor. |
|
| 245 | 1 | 0 |
_aLinguistics and exegesis in the gospel of Mark : _bApplications of a case frame analysis and lexicon. _n218 / _cPaul L. Danove. |
| 264 | 1 |
_aSheffield, England : _bSheffield Academic Press, _c2001. |
|
| 300 |
_a247 páginas : _bilustraciones, gráficos ; _c24 centímetros |
||
| 336 |
_atext _2rdacontent |
||
| 337 |
_aunmediated _2rdamedia |
||
| 338 |
_avolume _2rdacarrier |
||
| 490 | 0 |
_aJournal for the study of the New Testament. Supplement series; 218. Studies in New Testament Greek ; _v10 |
|
| 504 | _aIncluye bibliografía. | ||
| 505 | 0 | _aIntroduction to the method of analysis and description. -The method of analysis and desciption. -Contribution of the method to textual studies. -Contributions of the method to translation. -Contribution of the method to narrative analysis. -General contributions of the lexicon and parsing guide. -Lexicon and parsing guide. | |
| 526 | _aSEG44 | ||
| 526 | _aSEG26 | ||
| 526 | _aP151 | ||
| 526 | _aP150 | ||
| 526 | _aP149 | ||
| 526 | _aP146 | ||
| 526 | _aP145 | ||
| 526 | _aP126 | ||
| 526 | _aP125 | ||
| 526 | _aP92 | ||
| 526 | _aP75 | ||
| 526 | _aP74 | ||
| 526 | _aP27 | ||
| 526 | _aP15 | ||
| 630 |
_aBiblia. _pN.T. _pMarcos _xCrítica, interpretación, etc. |
||
| 942 |
_2ddc _cBOOK |
||
| 949 |
_aRC 225.077 J 218 _wDEWEY _c1 _i49136 _lCCODEBUL1 _mBUL _r0 _sY _tBOOK _u2015-6-24 _xTEOLOGIA _PP35 _0COMPRA _o.CIRCNOTE. No olvidar cambiar la fecha de devolución!!!!!!! _o.STAFF. Colección General |
||
| 994 |
_aC0 _bPEPRU |
||
| 596 | _a1 | ||
| 999 |
_aRC 225.077 J 218 _wDEWEY _c28283 _i49136 _f2021-11-8 _g6 _lCCODEBUL1 _mBUL _r1 _sY _tBOOK _u2015-6-24 _xTEOLOGIA _PP35 _0COMPRA _o.CIRCNOTE. No olvidar cambiar la fecha de devolución!!!!!!! _o.STAFF. Colección General _d28283 |
||
| 980 |
_81 _gALBERTO SANCHEZ Responsable de Automatización |
||